| 000 | 00805nam a2200217Ia 4500 | ||
|---|---|---|---|
| 008 | 140429s9999 xx 000 0 und d | ||
| 020 | _a9789712359170 | ||
| 050 |
_aLB 1139.25 _b.Es82 2011 |
||
| 100 | _aEstrada, Aurelia T. | ||
| 245 |
_aDevelopmental characteristics of young children / _cAurelia T. Estrada. |
||
| 260 |
_aManila : _bRex Book Store, _cc2011. |
||
| 300 |
_a299 p. : _bill. ; _c26 cm. |
||
| 440 | _a(Teacher Education Academic Resources for College and Higher Education Students Series). | ||
| 500 | _aIncludes bibliographical references and index. | ||
| 521 | _aGE | ||
| 650 |
_aChild development _xUnited States. |
||
| 650 |
_aEarly childhood education _xCurricula --United States. |
||
| 650 |
_aEarly childhood education _xUnited States. |
||
| 942 |
_kLOC _cBK |
||
| 999 |
_c115691 _d115691 |
||